000 00363nam a2200133Ia 4500
008 231129s2008||||xx |||||||||||||| ||spa||
020 _a978-958-664-204-0
040 _bspa
082 _a338.9861 E17
245 0 _aEconomí­as del Pací­fico colombiano
260 _c2008
264 _aBanco de la República
942 _2ddc
_cBKS
999 _c9926
_d9926